The date palm and its by-products according to the cuneiform sources / (Record no. 45833)
[ view plain ]
| 000 -LEADER | |
|---|---|
| fixed length control field | 00813cam a22002771 4500 |
| 001 - CONTROL NUMBER | |
| control field | 3124854 |
| 005 - DATE AND TIME OF LATEST TRANSACTION | |
| control field | 20190311163942.0 |
| 008 - FIXED-LENGTH DATA ELEMENTS--GENERAL INFORMATION | |
| fixed length control field | 710526s1967 au b 000 0 eng |
| 010 ## - LIBRARY OF CONGRESS CONTROL NUMBER | |
| LC control number | 68135406 |
| 015 ## - NATIONAL BIBLIOGRAPHY NUMBER | |
| National bibliography number | Au67-24-189 |
| 040 ## - CATALOGING SOURCE | |
| Original cataloging agency | DLC |
| Transcribing agency | DLC |
| Modifying agency | DLC |
| 041 0# - LANGUAGE CODE | |
| Language code of text/sound track or separate title | eng |
| -- | akk |
| 100 1# - MAIN ENTRY--PERSONAL NAME | |
| Personal name | Landsberger, Benno, |
| Dates associated with a name | 1890-1968. |
| 245 14 - TITLE STATEMENT | |
| Title | The date palm and its by-products according to the cuneiform sources / |
| Statement of responsibility, etc | by Benno Landsberger. |
| 260 ## - PUBLICATION, DISTRIBUTION, ETC. (IMPRINT) | |
| Place of publication, distribution, etc | Graz : |
| Name of publisher, distributor, etc | Weidner , |
| Date of publication, distribution, etc | c1967. |
| 300 ## - PHYSICAL DESCRIPTION | |
| Extent | vi, 70 p. |
| Dimensions | 30 cm. |
| 336 ## - CONTENT TYPE | |
| Content Type Term | text |
| 337 ## - MEDIA TYPE | |
| Media Type Term | unmediated |
| 338 ## - CARRIER TYPE | |
| Carrier Type Term | volume |
| 440 #0 - SERIES STATEMENT/ADDED ENTRY--TITLE | |
| Title | Archiv für Orientforschung. Beiheft |
| Volume number/sequential designation | 17 |
| 504 ## - BIBLIOGRAPHY, ETC. NOTE | |
| Bibliography, etc | Includes bibliographical references. |
| 650 #0 - SUBJECT ADDED ENTRY--TOPICAL TERM | |
| Topical term or geographic name as entry element | Date palm. |
| 650 #0 - SUBJECT ADDED ENTRY--TOPICAL TERM | |
| Topical term or geographic name as entry element | Akkadian language |
| Form subdivision | Texts. |
| 650 #0 - SUBJECT ADDED ENTRY--TOPICAL TERM | |
| Topical term or geographic name as entry element | Date palm products. |
| 942 ## - ADDED ENTRY ELEMENTS (KOHA) | |
| Source of classification or shelving scheme | Library of Congress Classification |
| Item type | Books |
| Withdrawn status | Lost status | Source of classification or shelving scheme | Damaged status | Not for loan | Home library | Current library | Shelving location | Date acquired | Source of acquisition | Inventory number | Total Checkouts | Full call number | Barcode | Date last seen | Price effective from | Koha item type |
|---|---|---|---|---|---|---|---|---|---|---|---|---|---|---|---|---|
| Library of Congress Classification | BSOP Library | BSOP Library | David Weisberg Collection | 03/11/2019 | Donated by Dr. David and Oprah Weisberg | 45687 | PJ3921 L23 1967 | 00056687 | 03/11/2019 | 03/11/2019 | Books |
